| 000 | 00839cpcaa2200241 4500 | ||
|---|---|---|---|
| 001 | mm 82011411 | ||
| 003 | DLC | ||
| 005 | 20260227111712.0 | ||
| 008 | 821130|||||||||||| eng | ||
| 010 | _amm 82011411 | ||
| 040 |
_aDLC _cDLC _edacs _dDLC |
||
| 072 | 7 |
_aN _2lcmd |
|
| 245 | 0 | 0 |
_aAmerican dignitaries autograph collection, _f18th-20th centuries. |
| 300 |
_a400 _fitems. |
||
| 300 |
_a1 _fcontainer. |
||
| 506 | 0 | _aOpen to research. | |
| 520 | 8 | _aCollection consisting of the autographs of American dignitaries. | |
| 546 | _aCollection material in English. | ||
| 650 | 0 |
_aAutographs _zUnited States. |
|
| 999 |
_c43442 _d43442 |
||